| Tag |
First Indicator |
Second Indicator |
Subfields |
| LEADER |
00000cas a2200000 a 4500 |
| 001 |
in00001028537 |
| 005 |
20150928120551.0 |
| 008 |
910904c19uu9999dcuar f0uuu 0eng d |
| 010 |
|
|
|a (DG91085284
|
| 010 |
|
|
|a sn 91023685
|
| 035 |
|
|
|a (OCoLC)24328060
|
| 035 |
|
|
|9 AFF6657AM
|
| 037 |
|
|
|b ERS-NASS, P.O. Box 1608, Rockville, MD 20849-1608
|
| 040 |
|
|
|a DGPO
|c DGPO
|d DLC
|d UtOrBLW
|
| 042 |
|
|
|a lcd
|
| 043 |
|
|
|a n-us---
|
| 074 |
|
|
|a 4
|
| 086 |
0 |
|
|a A 1.75:
|
| 245 |
0 |
4 |
|a The Food marketing system in ... /
|c United States Department of Agriculture, Economic Research Service.
|
| 264 |
|
1 |
|a Washington, D.C. :
|b The Service ;
|
| 264 |
|
2 |
|a Rockville, MD :
|b ERS-NASS [distributor]
|
| 300 |
|
|
|a volumes ;
|c 28 cm.
|
| 310 |
|
|
|a Annual
|
| 336 |
|
|
|a text
|b txt
|2 rdacontent
|
| 337 |
|
|
|a unmediated
|b n
|2 rdamedia
|
| 338 |
|
|
|a volume
|b nc
|2 rdacarrier
|
| 490 |
1 |
|
|a Agriculture information bulletin
|
| 500 |
|
|
|a Description based on: 1990; title from caption.
|
| 580 |
|
|
|a Summary of: Food marketing review.
|
| 650 |
|
0 |
|a Food industry and trade
|z United States
|v Periodicals.
|
| 650 |
|
0 |
|a Food
|x Marketing
|x Periodicals.
|
| 710 |
1 |
|
|a United States.
|b Department of Agriculture.
|b Economic Research Service.
|
| 787 |
1 |
|
|t Food marketing review
|w (DLC) 87644374
|w (OCoLC)13788771
|
| 830 |
|
0 |
|a Agriculture information bulletin.
|
| 999 |
|
|
|a MARS
|
| 999 |
f |
f |
|s 358bb50c-8e29-3621-9d3a-ecc6ea3bbf80
|i c83a9f89-dd29-3b8b-a153-9fc1455e32dd
|t 0
|
| 952 |
f |
f |
|p serial
|a Texas A&M University
|b College Station
|c Sterling C. Evans Library
|d Evans: US Documents (Annex 5th floor)
|t 0
|e A 1.75:
|h Superintendent of Documents classification
|i unmediated -- volume
|k no.603
|l 1989
|m A14830147392
|
| 952 |
f |
f |
|p serial
|a Texas A&M University
|b College Station
|c Sterling C. Evans Library
|d Evans: US Documents (Annex 5th floor)
|t 0
|e A 1.75:
|h Superintendent of Documents classification
|i unmediated -- volume
|k no.659
|l 1991/1992
|m A14830147473
|
| 952 |
f |
f |
|p serial
|a Texas A&M University
|b College Station
|c Sterling C. Evans Library
|d Evans: US Documents (Annex 5th floor)
|t 0
|e A 1.75:
|h Superintendent of Documents classification
|i unmediated -- volume
|k no.632
|l 1990
|m A14830147431
|
| 952 |
f |
f |
|p serial
|a Texas A&M University
|b College Station
|c Sterling C. Evans Library
|d Evans: US Documents (Annex 5th floor)
|t 0
|e A 1.75:
|h Superintendent of Documents classification
|i unmediated -- volume
|k no.717
|l 1994
|m A14830147554
|
| 952 |
f |
f |
|p serial
|a Texas A&M University
|b College Station
|c Sterling C. Evans Library
|d Evans: US Documents (Annex 5th floor)
|t 0
|e A 1.75:
|h Superintendent of Documents classification
|i unmediated -- volume
|k no.706
|l 1993
|m A14830147512
|
| 952 |
f |
f |
|p serial
|a Texas A&M University
|b College Station
|c Sterling C. Evans Library
|d Evans: US Documents (Annex 5th floor)
|t 0
|e A 1.75:
|h Superintendent of Documents classification
|i unmediated -- volume
|k no.731
|l 1995
|m A14830147596
|
| 998 |
f |
f |
|a A 1.75:
|s no.731 (1995)
|t 0
|l Evans: US Documents (Annex 5th floor)
|